000 01207nam a2200349 i 4500
003 DO-SdBNP
005 20250922094934.0
007 ta
008 220407e2021 dr ||||er|||| 001 fdspa d
020 _a9789945633016
040 _aDO-SdBNP
_bspa
_cBNPHU
_erda
041 _aspa
082 4 _aRD863.44
_bL817t 2021
_222
100 1 _aLockward, Ángel,
_d1957-
_eautor
_4aut.
_922598
245 1 3 _aLa tragedia Llenas :
_bun juicio que conmovió al mundo /
_cÁngel Lockward.
250 _a15 ed.
260 _aSanto Domingo :
264 _aSanto Domingo, República Dominicana :
_bFUNDESEP,
_c2021
300 _a246 páginas ;
_c23 cm.
336 _atexto
_btxt
_2rdacontent
337 _asin mediación
_bn
_2rdamedia
338 _avolumen
_bnc
_2rdacarrier
500 _aIncluye datos biográficos del autor en las solapas de las cubiertas.
590 _aInventariado 2022 / MF
600 4 _aLlenas Aybar, José Rafael,
_d1985-1996
_929199
_xAsesinato
650 0 _aLiteratura dominicana.
_967
650 4 _aNovela dominicana
_917101
650 4 _aAsesinato
_929201
_xNovela
710 2 _972186
_aFundación de Estudios Económicos y Políticos (FUNDESEP)
910 _aMFeliz
942 _2ddc
_cLBS1
999 _c51488
_d51488